| 000 | 01138nam a2200241 u 4500 | ||
|---|---|---|---|
| 001 | 000475010 | ||
| 003 | AM-YeHGA | ||
| 005 | 20250617133947.0 | ||
| 008 | 060215s1972 ||||||||||||||||||||rus d | ||
| 040 | _aAM-YeHGA | ||
| 041 | 1 |
_arus _heng |
|
| 100 | 1 | _aКэррол, Дж. | |
| 245 | 1 | 0 |
_aСВЧ -генераторы на горячих электронах / _cДж. Кэррол ; Пер. с анг. М.Е. Левинштейна, М.С. Шура ; Под ред. Б.Л. Гельмонта. |
| 260 |
_aМосква : _bМир, _c1972. |
||
| 300 |
_a384 с. : _bчерт. |
||
| 504 | _aСписок лит. с. 365-375 | ||
| 534 |
_pОригинал на англ.: _tHot Electron Microwave Generators / _aJohn Carroll- _cLondon : Edward Arnold ltd. : 1970 |
||
| 650 | 1 | 4 | _aЭлектронные элементы, использующие свойства твердого тела. Полупроводниковая электроника |
| 700 | 1 |
_aЛевинштейн, М.Е. _eпер. _4trl |
|
| 700 | 1 |
_aШур, М.С. _eпер. _4trl |
|
| 700 | 1 |
_aГельмонт, Б.Л. _eпер. _4trl _eпер. _4trl |
|
| 090 | _c175487 | ||
| 999 |
_c174046 _d174046 |
||